000 00830nam a2200253 a 4500
001 000018801
003 DO-SdBNP
005 20250227073854.0
008 100519s 2010 dr 000 0 spa d
020 _a9789945410556
040 _aDO-SdBNP
_bspa
_cBNPHU
082 4 _aBNPHU
_bA347l
100 1 _aAlcántara Almánzar, José
_d1946-
_97018
245 1 3 _aEl lector apasionado :
_b[ensayos sobre literatura] /
_cJosé Alcántara Almánzar.
260 _aSanto Domingo :
_bLetra Gráfica,
_c2010.
300 _a223 p. ;
_c24 cm.
500 _aIncluye índice onomástico
500 _aIncluye datos biográficos del autor en la solapa de la cubierta
500 _aIncluye notas al pie de las páginas
504 _aBibliografías :p. 207-213
590 _aInventariado, 2020/ YL
910 _aBtavárez
942 _2ddc
_cLBS1
999 _c18321
_d18321